00687 2200253 4500001002100000005001500021035002000036007000300056008004100059020002200100082001100122084001700133100001100150245009900161250001000260260003900270300002300309500001100332650002600343700001100369504003100380990001100411990001100422INLIS00000000000333820090101014425 a0010-0109000001ta090101 g 0 ind  a978-602-313-035-1 a370.68 a370.68 KOM m0 aKOMPRI1 aManajemen Pendidikan :bKomponen-komponen Elementer Kemajuan Sekolah /cKompri; editor, Andien acet.2 aYogyakarta :bAr-Ruzz Media,c2017 a346 hlm. ;c24 cm. aIndeks 4aPENDIDIKAN. MANAJEMEN0 aANDIEN aBibliografi : hlm. 333-342 a6682 a a6682 b